000 nam a22 7a 4500
999 _c8140
_d8140
008 171129b xxu||||| |||| 00| 0 eng d
100 _aGrimm
_94577
245 _aSnow white and the saven
260 _bFairy store
_c2008